| 000 | 00513nam a2200169Ia 4500 | ||
|---|---|---|---|
| 005 | 20250508160905.0 | ||
| 008 | 008 250505s9999 xx 000 0 eng d | ||
| 037 | _aBooks to be hide in OPAC | ||
| 040 |
_aFEDL _beng _cFEDL |
||
| 041 |
_aeng _2eng |
||
| 084 |
_a378.5402, AIU/O _qFEDL |
||
| 245 | 0 | _aUniversities handbook India 1975 | |
| 260 |
_aNew Delhi, India _bAssociation of Indian Universities _c1975 |
||
| 300 | _axiv,1035p. | ||
| 942 |
_cHB _h378.5402, AIU/O |
||
| 999 |
_c1367212 _d1367212 |
||